000 00808nam a2200217Ia 4500
003 GCL
008 140319s9999 xx 000 0 ara d
040 _aGCL /
_cGCL
082 0 4 _a004.678
_bأ أ
100 1 _aالسيد بخيت
245 1 0 _aالانترنت : وسيلة اتصال جديدة :
_bالجوانب الاعلامية والصحفية والتعليمية والقانونية /
_cالسيد بخيت
250 _aالاولى
260 _aالامارات :
_bدار الكتاب الجامعى ،
_c2004
300 _a411 ص ؛
_c24 سم
650 0 4 _aقانون الملكية الادبية
650 0 4 _aالصحافة
650 0 4 _aوسائل الاعلام
650 0 4 _aالإنترنت
650 0 4 _aالإنترنت - قوانين وتشريعات
942 _2ddc
_cBK
999 _c51133
_d51133